Older(and Wiser) - Album (Lizzy McAlpine) - Statistics

General Stats
  • This quiz has been taken 60 times
  • The average score is 15 of 19
Answer Stats
Hint Answer % Correct
11. Older
97%
19. Spring Into Summer
92%
8. Drunk, Running
89%
16. Pushing It Down and Praying
89%
17. Soccer Practice
89%
6. Staying
86%
1. The Elevator
86%
14. Vortex
86%
5. All Falls Down
83%
2. Come Down Soon
81%
7. I Guess
81%
13. March
81%
15. (Demo) Method Acting
78%
12. Better Than This
75%
9. Broken Glass
75%
4. Movie Star
72%
3. Like It Tends To Do
69%
10. You Forced Me To
64%
18. Force of Nature
56%
No matching quizzes found
Score Distribution
Percent of People with Each Score
Percentile by Number Answered
Your Score History
You have not taken this quiz